000 00343nam a22001337a 4500
003 SGT
082 _a320
_bR96J
100 _aJAITLY, JAYA
245 _aREPORT ON THE INTERNATIONAL CONVENTION FOR THE RESTORATION
260 _aINDIA
_bJAVA JAITLY ORGANISING SECRETARY
_c1996
300 _a189
650 _aPOLITICAL SCIENCE
942 _2ddc
_cBK
999 _c26301
_d26301